[Event "DVM U16w 2024"]
[Site "Neumünster GER"]
[Date "2024.12.27"]
[Round "2"]
[White "Vogt, Luna"]
[Black "Paliwal, Kashika"]
[Result "1-0"]
[Termination "normal"]
[Board "1.3"]
[WhiteElo "1735"]
[BlackElo "1812"]
[WhiteClock "00:39:17"]
[BlackClock "00:13:49"]
[WhiteTeam "TSG Oberschöneweide"]
[BlackTeam "FC Bayern München"]
[PlyCount "69"]
[WhiteFideId "34607153"]
[BlackFideId "34688331"]
[EventCountry "GER"]
[EventRounds "7"]
[EventType "team-swiss"]
[EventDate "2024.12.26"]

1. d4 {[%clk 01:30:57]} {[%emt 00:00:02]} d5 {[%clk 01:30:55]} {[%emt
00:00:06]} 2. c4 {[%clk 01:31:23]} {[%emt 00:00:04]} c6 {[%clk 01:31:19]}
{[%emt 00:00:06]} 3. Nf3 {[%clk 01:31:47]} {[%emt 00:00:05]} Nf6 {[%clk
01:31:41]} {[%emt 00:00:08]} 4. e3 {[%clk 01:32:10]} {[%emt 00:00:07]} Bg4
{[%clk 01:31:52]} {[%emt 00:00:19]} 5. Nc3 {[%clk 01:32:22]} {[%emt 00:00:18]}
a6 {[%clk 01:32:16]} {[%emt 00:00:07]} 6. Qb3 {[%clk 01:31:32]} {[%emt
00:01:20]} b5 {[%clk 01:32:09]} {[%emt 00:00:36]} 7. cxd5 {[%clk 01:29:55]}
{[%emt 00:02:07]} Nxd5 {[%clk 01:30:18]} {[%emt 00:02:22]} 8. Ne5 {[%clk
01:27:44]} {[%emt 00:02:41]} Be6 {[%clk 01:28:06]} {[%emt 00:02:40]} 9. Qc2
{[%clk 01:26:44]} {[%emt 00:01:30]} f6 {[%clk 01:18:50]} {[%emt 00:09:46]} 10.
Nd3 {[%clk 01:26:50]} {[%emt 00:00:25]} Nd7 {[%clk 01:17:26]} {[%emt 00:01:55]}
11. e4 {[%clk 01:25:51]} {[%emt 00:01:28]} Nxc3 {[%clk 01:17:16]} {[%emt
00:00:40]} 12. bxc3 {[%clk 01:26:10]} {[%emt 00:00:11]} Bf7 {[%clk 01:17:03]}
{[%emt 00:00:44]} 13. Bf4 {[%clk 01:22:14]} {[%emt 00:04:25]} e6 {[%clk
01:16:39]} {[%emt 00:00:54]} 14. Be2 {[%clk 01:22:18]} {[%emt 00:00:26]} c5
{[%clk 01:14:54]} {[%emt 00:02:15]} 15. Qb2 {[%clk 01:18:26]} {[%emt 00:04:21]}
cxd4 {[%clk 01:11:01]} {[%emt 00:04:23]} 16. cxd4 {[%clk 01:16:39]} {[%emt
00:02:18]} Nb6 {[%clk 01:11:02]} {[%emt 00:00:28]} 17. Rc1 {[%clk 01:09:41]}
{[%emt 00:07:28]} Nc4 {[%clk 01:09:04]} {[%emt 00:02:28]} 18. Qc3 {[%clk
01:08:09]} {[%emt 00:02:02]} Ba3 {[%clk 01:06:59]} {[%emt 00:02:36]} 19. Rc2
{[%clk 01:08:05]} {[%emt 00:00:34]} Rc8 {[%clk 01:05:49]} {[%emt 00:01:39]} 20.
O-O {[%clk 01:06:30]} {[%emt 00:02:07]} O-O {[%clk 01:04:52]} {[%emt 00:01:26]}
21. Qa1 {[%clk 01:05:54]} {[%emt 00:01:06]} Qe7 {[%clk 01:00:56]} {[%emt
00:04:26]} 22. Rd1 {[%clk 01:02:12]} {[%emt 00:04:11]} Bg6 {[%clk 00:55:09]}
{[%emt 00:06:17]} 23. Bf3 {[%clk 00:58:54]} {[%emt 00:03:48]} Rcd8 {[%clk
00:54:17]} {[%emt 00:01:22]} 24. Be3 {[%clk 00:56:23]} {[%emt 00:03:01]} f5
{[%clk 00:52:37]} {[%emt 00:02:11]} 25. Nf4 {[%clk 00:54:22]} {[%emt 00:02:31]}
Qf7 {[%clk 00:44:38]} {[%emt 00:08:29]} 26. e5 {[%clk 00:52:19]} {[%emt
00:02:33]} Be7 {[%clk 00:42:01]} {[%emt 00:03:07]} 27. d5 {[%clk 00:42:58]}
{[%emt 00:09:52]} exd5 {[%clk 00:23:06]} {[%emt 00:19:25]} 28. Bxd5 {[%clk
00:40:05]} {[%emt 00:03:23]} Rxd5 {[%clk 00:23:24]} {[%emt 00:00:11]} 29. Rxd5
{[%clk 00:40:26]} {[%emt 00:00:09]} Nxe3 {[%clk 00:18:00]} {[%emt 00:05:53]}
30. fxe3 {[%clk 00:40:37]} {[%emt 00:00:20]} Bg5 {[%clk 00:18:21]} {[%emt
00:00:09]} 31. Qd4 {[%clk 00:40:00]} {[%emt 00:01:06]} Bxf4 {[%clk 00:17:08]}
{[%emt 00:01:43]} 32. exf4 {[%clk 00:40:16]} {[%emt 00:00:15]} h6 {[%clk
00:16:03]} {[%emt 00:01:33]} 33. Rd7 {[%clk 00:39:55]} {[%emt 00:00:53]} Qe8
{[%clk 00:15:37]} {[%emt 00:00:54]} 34. e6 {[%clk 00:39:40]} {[%emt 00:00:46]}
Rf6 {[%clk 00:13:49]} {[%emt 00:02:18]} 35. Rd8 {[%clk 00:39:17]} {[%emt
00:00:54]} 1-0

[Event "DVM U16w 2024"]
[Site "Neumünster GER"]
[Date "2024.12.27"]
[Round "2"]
[White "Artemenko, Isabella"]
[Black "Le, Thao-Linh"]
[Result "1-0"]
[Termination "normal"]
[Board "1.4"]
[WhiteElo "1584"]
[BlackElo "1510"]
[WhiteClock "00:25:14"]
[BlackClock "00:19:01"]
[WhiteTeam "FC Bayern München"]
[BlackTeam "TSG Oberschöneweide"]
[PlyCount "77"]
[WhiteFideId "34639616"]
[BlackFideId "16279131"]
[EventCountry "GER"]
[EventRounds "7"]
[EventType "team-swiss"]
[EventDate "2024.12.26"]

1. e4 {[%clk 01:30:30]} {[%emt 00:36:54]} e5 {[%clk 01:30:30]} {[%emt
00:00:05]} 2. Nf3 {[%clk 01:30:30]} {[%emt 00:00:05]} Nf6 {[%clk 01:30:30]}
{[%emt 00:00:07]} 3. Nxe5 {[%clk 01:30:30]} {[%emt 00:00:05]} d6 {[%clk
01:30:42]} {[%emt 00:00:26]} 4. Nf3 {[%clk 01:30:56]} {[%emt 00:00:04]} Nxe4
{[%clk 01:31:07]} {[%emt 00:00:05]} 5. d4 {[%clk 01:31:20]} {[%emt 00:00:06]}
d5 {[%clk 01:31:23]} {[%emt 00:00:14]} 6. Bd3 {[%clk 01:31:44]} {[%emt
00:00:06]} Be7 {[%clk 01:31:26]} {[%emt 00:00:25]} 7. O-O {[%clk 01:32:06]}
{[%emt 00:00:09]} Nc6 {[%clk 01:31:29]} {[%emt 00:00:27]} 8. c4 {[%clk
01:30:15]} {[%emt 00:02:22]} Nb4 {[%clk 01:30:28]} {[%emt 00:01:31]} 9. Be2
{[%clk 01:28:22]} {[%emt 00:02:23]} Bf5 {[%clk 01:26:02]} {[%emt 00:04:56]} 10.
Nc3 {[%clk 01:16:45]} {[%emt 00:12:06]} O-O {[%clk 01:19:27]} {[%emt 00:07:05]}
11. a3 {[%clk 01:14:40]} {[%emt 00:02:35]} Nxc3 {[%clk 01:14:27]} {[%emt
00:05:30]} 12. bxc3 {[%clk 01:15:04]} {[%emt 00:00:07]} Nc6 {[%clk 01:12:08]}
{[%emt 00:02:49]} 13. Bf4 {[%clk 01:01:45]} {[%emt 00:13:48]} Re8 {[%clk
01:05:10]} {[%emt 00:07:28]} 14. cxd5 {[%clk 01:00:17]} {[%emt 00:01:58]} Qxd5
{[%clk 01:01:01]} {[%emt 00:04:39]} 15. Bxc7 {[%clk 00:56:23]} {[%emt
00:04:25]} Bd6 {[%clk 00:56:10]} {[%emt 00:05:21]} 16. Bxd6 {[%clk 00:54:12]}
{[%emt 00:02:41]} Qxd6 {[%clk 00:56:31]} {[%emt 00:00:08]} 17. Re1 {[%clk
00:46:12]} {[%emt 00:08:30]} Qg6 {[%clk 00:51:10]} {[%emt 00:05:52]} 18. Nh4
{[%clk 00:43:00]} {[%emt 00:03:40]} Qg5 {[%clk 00:45:03]} {[%emt 00:06:38]} 19.
Nxf5 {[%clk 00:42:10]} {[%emt 00:01:20]} Qxf5 {[%clk 00:45:23]} {[%emt
00:00:10]} 20. Qd3 {[%clk 00:39:31]} {[%emt 00:03:07]} Qf6 {[%clk 00:41:38]}
{[%emt 00:04:18]} 21. Qf3 {[%clk 00:32:35]} {[%emt 00:07:17]} Qg6 {[%clk
00:37:32]} {[%emt 00:04:44]} 22. Bd3 {[%clk 00:29:22]} {[%emt 00:03:42]} Qg5
{[%clk 00:34:58]} {[%emt 00:03:05]} 23. Qf5 {[%clk 00:27:44]} {[%emt 00:02:01]}
Qh6 {[%clk 00:34:09]} {[%emt 00:01:26]} 24. Rxe8+ {[%clk 00:27:54]} {[%emt
00:00:20]} Rxe8 {[%clk 00:34:22]} {[%emt 00:00:18]} 25. Qd7 {[%clk 00:27:50]}
{[%emt 00:00:32]} Kf8 {[%clk 00:32:54]} {[%emt 00:02:00]} 26. Qxb7 {[%clk
00:23:02]} {[%emt 00:05:18]} Qd6 {[%clk 00:24:11]} {[%emt 00:09:12]} 27. Bb5
{[%clk 00:21:33]} {[%emt 00:01:57]} Qe6 {[%clk 00:21:49]} {[%emt 00:02:55]} 28.
Qxc6 {[%clk 00:21:41]} {[%emt 00:00:21]} Qxc6 {[%clk 00:20:33]} {[%emt
00:01:47]} 29. Bxc6 {[%clk 00:22:02]} {[%emt 00:00:08]} Rc8 {[%clk 00:20:58]}
{[%emt 00:00:05]} 30. d5 {[%clk 00:22:27]} {[%emt 00:00:05]} Ke7 {[%clk
00:20:47]} {[%emt 00:00:42]} 31. Re1+ {[%clk 00:22:51]} {[%emt 00:00:05]} Kd6
{[%clk 00:20:34]} {[%emt 00:00:43]} 32. Re8 {[%clk 00:23:14]} {[%emt 00:00:07]}
Rc7 {[%clk 00:20:50]} {[%emt 00:00:14]} 33. Rd8+ {[%clk 00:23:24]} {[%emt
00:00:20]} Kc5 {[%clk 00:20:55]} {[%emt 00:00:25]} 34. Rd7 {[%clk 00:23:28]}
{[%emt 00:00:26]} Rc8 {[%clk 00:20:45]} {[%emt 00:00:41]} 35. Rxa7 {[%clk
00:23:48]} {[%emt 00:00:09]} Rb8 {[%clk 00:20:25]} {[%emt 00:00:50]} 36. Rb7
{[%clk 00:24:04]} {[%emt 00:00:14]} Rf8 {[%clk 00:19:13]} {[%emt 00:01:43]} 37.
a4 {[%clk 00:24:26]} {[%emt 00:00:07]} Kc4 {[%clk 00:19:05]} {[%emt 00:00:38]}
38. a5 {[%clk 00:24:51]} {[%emt 00:00:06]} Kxc3 {[%clk 00:19:01]} {[%emt
00:00:33]} 39. a6 {[%clk 00:25:14]} {[%emt 00:00:07]} 1-0

[Event "DVM U16w 2024"]
[Site "Neumünster GER"]
[Date "2024.12.27"]
[Round "2"]
[White "Rafikova, Ailin"]
[Black "Jacobasch, Ronja"]
[Result "1/2-1/2"]
[Termination "normal"]
[Board "2.1"]
[WhiteElo "1735"]
[BlackElo "1801"]
[WhiteClock "00:18:52"]
[BlackClock "00:17:54"]
[WhiteTeam "Schachzwerge Magdeburg"]
[BlackTeam "SSV Altenberg"]
[PlyCount "61"]
[WhiteFideId "34612173"]
[BlackFideId "34604340"]
[EventCountry "GER"]
[EventRounds "7"]
[EventType "team-swiss"]
[EventDate "2024.12.26"]

1. e4 {[%clk 01:30:59]} d6 {[%clk 01:30:55]} {[%emt 00:00:06]} 2. d4 {[%clk
01:31:22]} {[%emt 00:00:06]} Nf6 {[%clk 01:31:20]} {[%emt 00:00:05]} 3. Nc3
{[%clk 01:31:45]} {[%emt 00:00:07]} g6 {[%clk 01:31:21]} {[%emt 00:00:29]} 4.
Nf3 {[%clk 01:31:59]} {[%emt 00:00:15]} Bg7 {[%clk 01:31:41]} {[%emt 00:00:11]}
5. Bd3 {[%clk 01:31:50]} {[%emt 00:00:39]} O-O {[%clk 01:31:55]} {[%emt
00:00:16]} 6. Be3 {[%clk 01:31:23]} {[%emt 00:00:56]} Nbd7 {[%clk 01:28:00]}
{[%emt 00:04:25]} 7. Ne2 {[%clk 01:27:57]} {[%emt 00:03:57]} Re8 {[%clk
01:22:32]} {[%emt 00:05:58]} 8. Ng3 {[%clk 01:22:45]} {[%emt 00:05:42]} e5
{[%clk 01:20:18]} {[%emt 00:02:43]} 9. dxe5 {[%clk 01:19:04]} {[%emt 00:04:12]}
Nxe5 {[%clk 01:17:34]} {[%emt 00:03:14]} 10. Nxe5 {[%clk 01:18:26]} {[%emt
00:01:08]} Rxe5 {[%clk 01:08:56]} {[%emt 00:09:09]} 11. O-O {[%clk 01:12:05]}
{[%emt 00:06:50]} Re8 {[%clk 01:01:09]} {[%emt 00:08:17]} 12. f3 {[%clk
01:10:50]} {[%emt 00:01:45]} d5 {[%clk 00:58:32]} {[%emt 00:03:08]} 13. c3
{[%clk 01:00:26]} {[%emt 00:10:53]} dxe4 {[%clk 00:56:25]} {[%emt 00:02:37]}
14. Nxe4 {[%clk 00:59:37]} {[%emt 00:01:19]} Bf5 {[%clk 00:43:40]} {[%emt
00:13:15]} 15. Nxf6+ {[%clk 00:56:40]} {[%emt 00:03:27]} Qxf6 {[%clk 00:33:50]}
{[%emt 00:10:20]} 16. Bd4 {[%clk 00:51:56]} {[%emt 00:05:13]} Qe6 {[%clk
00:33:16]} {[%emt 00:01:05]} 17. Bxf5 {[%clk 00:43:41]} {[%emt 00:08:44]} Qxf5
{[%clk 00:32:47]} {[%emt 00:01:00]} 18. Bxg7 {[%clk 00:39:22]} {[%emt
00:04:48]} Kxg7 {[%clk 00:33:08]} {[%emt 00:00:10]} 19. Qd4+ {[%clk 00:35:46]}
{[%emt 00:04:06]} Qe5 {[%clk 00:30:34]} {[%emt 00:03:04]} 20. Qxe5+ {[%clk
00:33:40]} {[%emt 00:02:35]} Rxe5 {[%clk 00:30:58]} {[%emt 00:00:06]} 21. Rfe1
{[%clk 00:33:10]} {[%emt 00:01:00]} Rae8 {[%clk 00:29:28]} {[%emt 00:02:01]}
22. Rxe5 {[%clk 00:32:40]} {[%emt 00:01:00]} Rxe5 {[%clk 00:29:54]} {[%emt
00:00:05]} 23. Kf2 {[%clk 00:30:53]} {[%emt 00:02:15]} Rd5 {[%clk 00:29:44]}
{[%emt 00:00:41]} 24. Ke2 {[%clk 00:27:52]} {[%emt 00:03:30]} Re5+ {[%clk
00:26:01]} {[%emt 00:04:15]} 25. Kf2 {[%clk 00:27:04]} {[%emt 00:01:16]} Rd5
{[%clk 00:24:32]} {[%emt 00:02:00]} 26. Ke3 {[%clk 00:22:52]} {[%emt 00:04:41]}
f5 {[%clk 00:22:51]} {[%emt 00:02:11]} 27. Rc1 {[%clk 00:20:54]} {[%emt
00:02:27]} Kf6 {[%clk 00:20:58]} {[%emt 00:02:24]} 28. Rc2 {[%clk 00:20:46]}
{[%emt 00:00:39]} Re5+ {[%clk 00:19:30]} {[%emt 00:01:58]} 29. Kf2 {[%clk
00:19:52]} {[%emt 00:01:23]} Rd5 {[%clk 00:19:34]} {[%emt 00:00:27]} 30. Re2
{[%clk 00:20:02]} {[%emt 00:00:20]} Rd6 {[%clk 00:17:54]} {[%emt 00:02:10]} 31.
a3 {[%clk 00:18:52]} {[%emt 00:01:40]} 1/2-1/2

[Event "DVM U16w 2024"]
[Site "Neumünster GER"]
[Date "2024.12.27"]
[Round "2"]
[White "Müller, Cosima"]
[Black "Rössling, Laura Marie"]
[Result "1-0"]
[Termination "normal"]
[Board "2.2"]
[WhiteElo "1757"]
[BlackElo "1608"]
[WhiteClock "00:37:29"]
[BlackClock "00:05:00"]
[WhiteTeam "SSV Altenberg"]
[BlackTeam "Schachzwerge Magdeburg"]
[PlyCount "67"]
[WhiteFideId "34601490"]
[BlackFideId "16289471"]
[EventCountry "GER"]
[EventRounds "7"]
[EventType "team-swiss"]
[EventDate "2024.12.26"]

1. e4 {[%clk 01:30:57]} {[%emt 00:00:02]} e5 {[%clk 01:30:52]} {[%emt
00:00:08]} 2. Nf3 {[%clk 01:31:24]} {[%emt 00:00:03]} Nc6 {[%clk 01:31:14]}
{[%emt 00:00:08]} 3. Bb5 {[%clk 01:31:50]} {[%emt 00:00:05]} a6 {[%clk
01:31:34]} {[%emt 00:00:10]} 4. Ba4 {[%clk 01:32:16]} {[%emt 00:00:03]} Nf6
{[%clk 01:31:52]} {[%emt 00:00:12]} 5. O-O {[%clk 01:32:39]} {[%emt 00:00:08]}
Be7 {[%clk 01:32:03]} {[%emt 00:00:19]} 6. Re1 {[%clk 01:33:03]} {[%emt
00:00:05]} d6 {[%clk 01:32:23]} {[%emt 00:00:10]} 7. c3 {[%clk 01:33:19]}
{[%emt 00:00:15]} O-O {[%clk 01:31:29]} {[%emt 00:01:23]} 8. h3 {[%clk
01:33:10]} {[%emt 00:00:39]} b5 {[%clk 01:31:32]} {[%emt 00:00:27]} 9. Bc2
{[%clk 01:33:32]} {[%emt 00:00:09]} Na5 {[%clk 01:30:22]} {[%emt 00:01:39]} 10.
d4 {[%clk 01:33:46]} {[%emt 00:00:16]} exd4 {[%clk 01:23:17]} {[%emt 00:07:35]}
11. cxd4 {[%clk 01:34:08]} {[%emt 00:00:08]} Bb7 {[%clk 01:10:33]} {[%emt
00:13:15]} 12. b3 {[%clk 01:30:14]} {[%emt 00:04:24]} Nd7 {[%clk 01:06:22]}
{[%emt 00:04:40]} 13. Bb2 {[%clk 01:28:11]} {[%emt 00:02:33]} Re8 {[%clk
01:00:07]} {[%emt 00:06:45]} 14. Qd3 {[%clk 01:25:47]} {[%emt 00:02:54]} Nf8
{[%clk 00:56:18]} {[%emt 00:04:20]} 15. Nbd2 {[%clk 01:14:43]} {[%emt
00:11:33]} Nc6 {[%clk 00:50:47]} {[%emt 00:06:01]} 16. d5 {[%clk 01:12:06]}
{[%emt 00:03:07]} Nb4 {[%clk 00:49:30]} {[%emt 00:01:47]} 17. Qc3 {[%clk
01:11:21]} {[%emt 00:01:16]} Bf6 {[%clk 00:49:35]} {[%emt 00:00:25]} 18. Nd4
{[%clk 01:07:46]} {[%emt 00:04:04]} Nxc2 {[%clk 00:48:00]} {[%emt 00:02:04]}
19. Qxc2 {[%clk 01:07:45]} {[%emt 00:00:32]} Ng6 {[%clk 00:46:17]} {[%emt
00:02:13]} 20. Rac1 {[%clk 01:04:53]} {[%emt 00:03:22]} Bxd4 {[%clk 00:37:55]}
{[%emt 00:08:52]} 21. Bxd4 {[%clk 01:04:09]} {[%emt 00:01:14]} Rc8 {[%clk
00:37:38]} {[%emt 00:00:43]} 22. Qb2 {[%clk 00:59:58]} {[%emt 00:04:46]} Ne5
{[%clk 00:32:08]} {[%emt 00:05:59]} 23. Re3 {[%clk 00:55:39]} {[%emt 00:04:46]}
f6 {[%clk 00:30:35]} {[%emt 00:02:07]} 24. Bxe5 {[%clk 00:47:48]} {[%emt
00:08:20]} dxe5 {[%clk 00:29:42]} {[%emt 00:01:23]} 25. Rec3 {[%clk 00:45:58]}
{[%emt 00:02:16]} Qd6 {[%clk 00:27:57]} {[%emt 00:02:19]} 26. Qc2 {[%clk
00:44:19]} {[%emt 00:02:09]} Re7 {[%clk 00:22:12]} {[%emt 00:06:14]} 27. Nf1
{[%clk 00:42:41]} {[%emt 00:02:07]} f5 {[%clk 00:15:55]} {[%emt 00:06:49]} 28.
Ne3 {[%clk 00:40:03]} {[%emt 00:03:08]} g6 {[%clk 00:11:51]} {[%emt 00:04:34]}
29. exf5 {[%clk 00:38:19]} {[%emt 00:02:15]} Bxd5 {[%clk 00:11:35]} {[%emt
00:00:45]} 30. Rd1 {[%clk 00:36:51]} {[%emt 00:01:56]} c6 {[%clk 00:06:32]}
{[%emt 00:05:35]} 31. Nxd5 {[%clk 00:36:44]} {[%emt 00:00:36]} cxd5 {[%clk
00:04:47]} {[%emt 00:02:16]} 32. Rxc8+ {[%clk 00:37:03]} {[%emt 00:00:11]} Kg7
{[%clk 00:04:57]} {[%emt 00:00:18]} 33. fxg6 {[%clk 00:37:19]} {[%emt
00:00:15]} hxg6 {[%clk 00:05:00]} {[%emt 00:00:27]} 34. Rc6 {[%clk 00:37:29]}
{[%emt 00:00:20]} 1-0

[Event "DVM U16w 2024"]
[Site "Neumünster GER"]
[Date "2024.12.27"]
[Round "2"]
[White "Hoffmann, Svenja"]
[Black "Glotz, Diana"]
[Result "1/2-1/2"]
[Termination "normal"]
[Board "2.3"]
[WhiteElo "1645"]
[BlackElo "1641"]
[WhiteClock "00:18:39"]
[BlackClock "00:11:32"]
[WhiteTeam "Schachzwerge Magdeburg"]
[BlackTeam "SSV Altenberg"]
[PlyCount "46"]
[WhiteFideId "16287312"]
[BlackFideId "16278500"]
[EventCountry "GER"]
[EventRounds "7"]
[EventType "team-swiss"]
[EventDate "2024.12.26"]

1. e4 {[%clk 01:30:58]} {[%emt 00:00:02]} b6 {[%clk 01:29:21]} {[%emt
00:01:39]} 2. d4 {[%clk 01:30:06]} {[%emt 00:01:21]} Bb7 {[%clk 01:28:53]}
{[%emt 00:00:59]} 3. Nc3 {[%clk 01:29:54]} {[%emt 00:00:42]} e6 {[%clk
01:28:29]} {[%emt 00:00:54]} 4. Nf3 {[%clk 01:29:12]} {[%emt 00:01:12]} Bb4
{[%clk 01:28:15]} {[%emt 00:00:44]} 5. Bd3 {[%clk 01:28:43]} {[%emt 00:00:59]}
Nf6 {[%clk 01:26:11]} {[%emt 00:02:35]} 6. e5 {[%clk 01:25:20]} {[%emt
00:03:52]} Ne4 {[%clk 01:24:45]} {[%emt 00:01:56]} 7. Bxe4 {[%clk 01:25:27]}
{[%emt 00:00:23]} Bxe4 {[%clk 01:25:08]} {[%emt 00:00:07]} 8. Bd2 {[%clk
01:25:52]} {[%emt 00:00:05]} Bb7 {[%clk 01:23:46]} {[%emt 00:01:52]} 9. O-O
{[%clk 01:25:59]} {[%emt 00:00:23]} Be7 {[%clk 01:22:31]} {[%emt 00:01:45]} 10.
Re1 {[%clk 01:21:54]} {[%emt 00:04:34]} O-O {[%clk 01:20:30]} {[%emt 00:02:31]}
11. Ne4 {[%clk 01:21:40]} {[%emt 00:00:44]} f6 {[%clk 01:16:38]} {[%emt
00:04:22]} 12. Ng3 {[%clk 00:58:51]} {[%emt 00:23:18]} fxe5 {[%clk 01:14:40]}
{[%emt 00:02:29]} 13. Nxe5 {[%clk 00:57:20]} {[%emt 00:02:02]} Nc6 {[%clk
01:10:42]} {[%emt 00:04:28]} 14. Nf3 {[%clk 00:49:48]} {[%emt 00:08:01]} Na5
{[%clk 01:05:04]} {[%emt 00:06:09]} 15. Ne4 {[%clk 00:42:28]} {[%emt 00:07:50]}
Nc4 {[%clk 01:03:01]} {[%emt 00:02:31]} 16. Bc3 {[%clk 00:42:30]} {[%emt
00:00:29]} Nd6 {[%clk 01:01:59]} {[%emt 00:01:32]} 17. Ned2 {[%clk 00:42:37]}
{[%emt 00:00:24]} Bg5 {[%clk 00:58:56]} {[%emt 00:03:33]} 18. Ne5 {[%clk
00:31:15]} {[%emt 00:11:51]} Nb5 {[%clk 00:51:14]} {[%emt 00:08:13]} 19. Ne4
{[%clk 00:28:54]} {[%emt 00:02:50]} Nxc3 {[%clk 00:47:44]} {[%emt 00:04:01]}
20. Nxc3 {[%clk 00:28:01]} {[%emt 00:01:22]} Bf4 {[%clk 00:27:43]} {[%emt
00:20:30]} 21. d5 {[%clk 00:21:18]} {[%emt 00:07:14]} Bxh2+ {[%clk 00:10:59]}
{[%emt 00:17:14]} 22. Kxh2 {[%clk 00:18:25]} {[%emt 00:03:23]} Qh4+ {[%clk
00:11:14]} {[%emt 00:00:13]} 23. Kg1 {[%clk 00:18:39]} {[%emt 00:00:17]} Qxf2+
{[%clk 00:11:32]} {[%emt 00:00:13]} 1/2-1/2

[Event "DVM U16w 2024"]
[Site "Neumünster GER"]
[Date "2024.12.27"]
[Round "2"]
[White "Eger, Nora"]
[Black "Breja, Eva"]
[Result "1-0"]
[Termination "normal"]
[Board "2.4"]
[WhiteElo "1570"]
[BlackElo "1556"]
[WhiteClock "00:30:34"]
[BlackClock "00:44:27"]
[WhiteTeam "SSV Altenberg"]
[BlackTeam "Schachzwerge Magdeburg"]
[PlyCount "63"]
[WhiteFideId "34605827"]
[BlackFideId "34639632"]
[EventCountry "GER"]
[EventRounds "7"]
[EventType "team-swiss"]
[EventDate "2024.12.26"]

1. Nf3 {[%clk 01:30:58]} {[%emt 00:00:02]} d5 {[%clk 01:30:44]} {[%emt
00:00:16]} 2. g3 {[%clk 01:31:22]} {[%emt 00:00:06]} Nd7 {[%clk 01:30:52]}
{[%emt 00:00:22]} 3. Bg2 {[%clk 01:31:26]} {[%emt 00:00:26]} e5 {[%clk
01:31:14]} {[%emt 00:00:07]} 4. d3 {[%clk 01:31:40]} {[%emt 00:00:17]} Ngf6
{[%clk 01:31:19]} {[%emt 00:00:26]} 5. O-O {[%clk 01:31:35]} {[%emt 00:00:34]}
c6 {[%clk 01:31:07]} {[%emt 00:00:42]} 6. Nbd2 {[%clk 01:28:22]} {[%emt
00:03:42]} Bd6 {[%clk 01:29:13]} {[%emt 00:02:24]} 7. e4 {[%clk 01:28:10]}
{[%emt 00:00:42]} O-O {[%clk 01:27:46]} {[%emt 00:01:58]} 8. Nh4 {[%clk
01:21:05]} {[%emt 00:07:34]} Nc5 {[%clk 01:21:45]} {[%emt 00:06:32]} 9. Nb3
{[%clk 01:13:37]} {[%emt 00:07:58]} dxe4 {[%clk 01:18:42]} {[%emt 00:03:33]}
10. Nxc5 {[%clk 01:12:23]} {[%emt 00:01:45]} Bxc5 {[%clk 01:19:04]} {[%emt
00:00:07]} 11. dxe4 {[%clk 01:11:06]} {[%emt 00:01:47]} Qb6 {[%clk 01:18:35]}
{[%emt 00:00:58]} 12. Qe2 {[%clk 01:04:53]} {[%emt 00:06:41]} Be6 {[%clk
01:13:07]} {[%emt 00:06:00]} 13. Nf3 {[%clk 01:01:53]} {[%emt 00:03:31]} Ng4
{[%clk 01:05:05]} {[%emt 00:08:32]} 14. h3 {[%clk 00:58:07]} {[%emt 00:04:15]}
Nxf2 {[%clk 01:02:08]} {[%emt 00:03:27]} 15. Rxf2 {[%clk 00:57:24]} {[%emt
00:01:14]} Bxf2+ {[%clk 01:02:30]} {[%emt 00:00:08]} 16. Qxf2 {[%clk 00:57:45]}
{[%emt 00:00:09]} Qxf2+ {[%clk 00:59:56]} {[%emt 00:03:04]} 17. Kxf2 {[%clk
00:58:13]} {[%emt 00:00:02]} f5 {[%clk 01:00:16]} {[%emt 00:00:10]} 18. Kg1
{[%clk 00:52:40]} {[%emt 00:06:02]} fxe4 {[%clk 00:57:15]} {[%emt 00:03:31]}
19. Nxe5 {[%clk 00:51:17]} {[%emt 00:01:54]} Rad8 {[%clk 00:56:05]} {[%emt
00:01:39]} 20. Be3 {[%clk 00:49:48]} {[%emt 00:01:58]} Rd5 {[%clk 00:53:41]}
{[%emt 00:02:56]} 21. Nc4 {[%clk 00:47:37]} {[%emt 00:02:41]} Rb5 {[%clk
00:52:11]} {[%emt 00:01:59]} 22. b3 {[%clk 00:46:08]} {[%emt 00:01:59]} a6
{[%clk 00:50:38]} {[%emt 00:02:04]} 23. Nd6 {[%clk 00:42:57]} {[%emt 00:03:40]}
Rh5 {[%clk 00:47:42]} {[%emt 00:03:24]} 24. g4 {[%clk 00:42:19]} {[%emt
00:01:09]} Re5 {[%clk 00:47:35]} {[%emt 00:00:38]} 25. Nxb7 {[%clk 00:40:55]}
{[%emt 00:01:55]} h5 {[%clk 00:45:59]} {[%emt 00:02:05]} 26. Nc5 {[%clk
00:35:40]} {[%emt 00:05:46]} hxg4 {[%clk 00:45:17]} {[%emt 00:01:11]} 27. Nxe6
{[%clk 00:35:25]} {[%emt 00:00:45]} Rxe6 {[%clk 00:45:35]} {[%emt 00:00:13]}
28. hxg4 {[%clk 00:33:43]} {[%emt 00:02:11]} Rg6 {[%clk 00:44:35]} {[%emt
00:01:27]} 29. g5 {[%clk 00:32:45]} {[%emt 00:01:30]} Rd6 {[%clk 00:43:35]}
{[%emt 00:01:31]} 30. Bc5 {[%clk 00:31:26]} {[%emt 00:01:49]} Rd2 {[%clk
00:44:01]} {[%emt 00:00:04]} 31. Bxf8 {[%clk 00:30:52]} {[%emt 00:01:05]} Kxf8
{[%clk 00:44:27]} {[%emt 00:00:04]} 32. Bxe4 {[%clk 00:30:34]} {[%emt
00:00:48]} 1-0